[Event "SC Taufers-SC Naturns Jambo"]
[Site "?"]
[Date "2013.12.14"]
[Round "5.5"]
[White "Unterthurner, Hans"]
[Black "Ratschiller, Manuel"]
[Result "1-0"]
[WhiteElo "2041"]
[BlackElo "1496"]
[PlyCount "83"]
[EventDate "2013.??.??"]

1. e4 e5 2. Nf3 Nc6 3. Bb5 a6 4. Ba4 b5 5. Bb3 Na5 6. O-O Nxb3 7. axb3 d6 8. d4
Bg4 9. dxe5 Bxf3 10. Qxf3 dxe5 11. Nc3 c6 12. Rd1 Qc7 13. Qg3 g6 14. Be3 Bg7
15. Bc5 Bf8 16. b4 Bxc5 17. bxc5 Ne7 18. Rd6 O-O 19. Qxe5 Qb7 20. b4 Nc8 21.
Rd3 Qe7 22. Qg3 Qe6 23. Rad1 Re8 24. Qc7 Ra7 25. Qa5 Ne7 26. Rd8 Rxd8 27. Qxd8+
Kg7 28. Qd4+ f6 29. Qd6 Qc4 30. Qb8 Ra8 31. Qxa8 Qxc3 32. Qd8 Kf7 33. Qd2 Qe5
34. Qd4 Qh5 35. f3 Qg5 36. Re1 Qf4 37. Qd6 Qh4 38. g3 Qh5 39. e5 f5 40. e6+ Kf6
41. Qd4+ Kg5 42. Qg7 1-0

[Event "SG Kaltern/Tramin II-SK Steinegg I"]
[Site "?"]
[Date "2013.12.14"]
[Round "5.1"]
[White "Engl, Stefan"]
[Black "Thaler, Elmar"]
[Result "0-1"]
[WhiteElo "1838"]
[BlackElo "1794"]
[PlyCount "88"]
[EventDate "2013.??.??"]

1. e4 c6 2. d4 d5 3. exd5 cxd5 4. Bd3 Nf6 5. c3 Bg4 6. Qb3 Qc7 7. Bg5 Nbd7 8.
Nd2 e6 9. Ngf3 Be7 10. O-O O-O 11. Rfe1 Rfe8 12. Rac1 Rac8 13. Ne5 Nxe5 14.
dxe5 Nd7 15. Bxe7 Rxe7 16. Qb4 Nc5 17. Bxh7+ Kxh7 18. Qxg4 Rh8 19. Re3 Kg8 20.
c4 Rd7 21. cxd5 Rxd5 22. Ne4 Qxe5 23. h3 f5 24. Qg6 fxe4 25. b4 Nd7 26. Rxe4
Nf8 27. Rxe5 Nxg6 28. Rxe6 Kf7 29. Rce1 Rd7 30. R6e3 Rc8 31. Rf3+ Kg8 32. Re6
Nf8 33. Re4 Rf7 34. Rfe3 Rc2 35. f4 Rxa2 36. g4 Rd7 37. Re1 Rdd2 38. R4e3 Rg2+
39. Kh1 Rh2+ 40. Kg1 Rag2+ 41. Kf1 Rb2 42. Kg1 Ng6 43. Rf3 Rhg2+ 44. Kh1 Nh4
0-1

[Event "SG Kaltern/Tramin II-SK Steinegg I"]
[Site "Kaltern"]
[Date "2013.12.14"]
[Round "5.2"]
[White "Unterkofler, Alex"]
[Black "Lantschner, Carmen"]
[Result "1-0"]
[WhiteElo "1713"]
[BlackElo "1690"]
[PlyCount "97"]
[EventDate "2013.??.??"]

1. e4 g6 2. d4 Bg7 3. Nc3 d6 4. f4 Nf6 5. Nf3 c5 6. e5 Nfd7 7. e6 fxe6 8. Ng5
Nf6 9. Bb5+ Bd7 10. Nxe6 Qb6 11. dxc5 dxc5 12. Qe2 Na6 13. Nxg7+ Kf7 14. Bxd7
Nxd7 15. f5 Qf6 16. Ne6 gxf5 17. Ng5+ Ke8 18. Bd2 Rg8 19. Nf3 Rc8 20. O-O-O Rc6
21. Rhe1 Nc7 22. Bf4 Ne6 23. Rxd7 Kxd7 24. Ne5+ Ke8 25. Qh5+ Kd8 26. Nxc6+ bxc6
27. Be5 Qf8 28. Qe2 Nd4 29. Qa6 Qh6+ 30. Kb1 Qd2 31. Rc1 Rxg2 32. Qxa7 Ne2 33.
Qc7+ Ke8 34. Qc8+ Kf7 35. Qxf5+ Kg8 36. Nxe2 Rxe2 37. Rg1+ Rg2 38. Qe6+ Kf8 39.
Qc8+ Kf7 40. Qf5+ Kg8 41. Rxg2+ Qxg2 42. b3 Qg1+ 43. Kb2 Qg2 44. h4 Qd5 45.
Qg5+ Kf7 46. Bc3 Qd6 47. Qg7+ Ke8 48. Qxh7 c4 49. Qg8+ 1-0

[Event "SG Kaltern/Tramin II-SK Steinegg I"]
[Site "Kaltern"]
[Date "2013.12.14"]
[Round "5.3"]
[White "Pichler, Martin"]
[Black "Filosi, Gianluigi"]
[Result "0-1"]
[WhiteElo "1620"]
[BlackElo "1676"]
[PlyCount "102"]
[EventDate "2013.??.??"]

1. e4 e6 2. d4 d5 3. e5 c5 4. c3 Nc6 5. Nf3 Qb6 6. Bd3 Bd7 7. O-O cxd4 8. cxd4
Nxd4 9. Nxd4 Qxd4 10. Nc3 a6 11. Qe2 Ne7 12. Rd1 Nc6 13. Bxa6 Qxe5 14. Bxb7
Qxe2 15. Nxe2 Rb8 16. Bxc6 Bxc6 17. Be3 Rb7 18. Bd4 f6 19. Rac1 Kd7 20. b3 Bd6
21. Bc5 e5 22. Bxd6 Kxd6 23. Ng3 Rc8 24. Nf5+ Ke6 25. Ne3 Rbc7 26. Rc5 d4 27.
Nc4 Bd5 28. Rxd5 Kxd5 29. Nb6+ Ke6 30. Nxc8 Rxc8 31. Kf1 Rc2 32. Ra1 d3 33. Ke1
Kd6 34. a4 Kc6 35. a5 Kb7 36. Ra4 Ka6 37. g4 g6 38. h4 f5 39. gxf5 gxf5 40. f3
Re2+ 41. Kd1 e4 42. fxe4 fxe4 43. h5 e3 44. Rd4 Rd2+ 45. Ke1 Kxa5 46. h6 Kb5
47. Re4 Re2+ 48. Kd1 Kc5 49. Rc4+ Kd5 50. Rc3 Rd2+ 51. Kc1 Ke4 0-1

[Event "SG Kaltern/Tramin II-SK Steinegg I"]
[Site "Kaltern"]
[Date "2013.12.14"]
[Round "5.4"]
[White "Sinner, Armin"]
[Black "Engl, Alexander"]
[Result "1/2-1/2"]
[WhiteElo "1596"]
[BlackElo "1613"]
[PlyCount "79"]
[EventDate "2013.??.??"]

1. e4 e6 2. d4 d5 3. Nd2 Nf6 4. e5 Nfd7 5. Ngf3 c5 6. c3 Nc6 7. Nb3 Qb6 8. Be2
Be7 9. O-O O-O 10. Qc2 Qc7 11. Ng5 Bxg5 12. Bxg5 c4 13. Nd2 f6 14. exf6 Nxf6
15. f4 Bd7 16. Nf3 Ng4 17. Qd2 h6 18. Bh4 Qxf4 19. Qxf4 Rxf4 20. Bg3 Rf7 21.
Nh4 Nf6 22. Ng6 Ne4 23. Rxf7 Kxf7 24. Ne5+ Nxe5 25. Bxe5 Kg8 26. Rf1 Rf8 27.
Rxf8+ Kxf8 28. Bh5 b5 29. Bg6 Bc6 30. Bxe4 dxe4 31. Kf1 g5 32. Ke2 Kf7 33. g3
Kg6 34. g4 h5 35. gxh5+ Kxh5 36. Ke3 Kg4 37. Bg3 a5 38. a3 Kf5 39. Be5 Be8 40.
Bc7 1/2-1/2

[Event "SG Kaltern/Tramin II-SK Steinegg I"]
[Site "Kaltern"]
[Date "2013.12.14"]
[Round "5.5"]
[White "Schgaguler, Guenther"]
[Black "Stadler, Helmuth"]
[Result "0-1"]
[WhiteElo "1442"]
[BlackElo "1624"]
[PlyCount "90"]
[EventDate "2013.??.??"]

1. e4 e5 2. Nf3 Nc6 3. Bb5 d6 4. c3 Nf6 5. d3 Be7 6. O-O O-O 7. Bc4 h6 8. Be3
Bg4 9. h3 Bh5 10. Nbd2 Qd7 11. Qc1 Rad8 12. b4 a6 13. a4 g5 14. Nh2 Kg7 15. f3
d5 16. exd5 Nxd5 17. Ne4 f5 18. Nc5 Qc8 19. Qe1 Rfe8 20. b5 Nb8 21. Qc1 b6 22.
Nb3 a5 23. d4 Nxe3 24. Qxe3 exd4 25. cxd4 Bf6 26. Qd3 c5 27. bxc6 Nxc6 28. Rac1
Nxd4 29. Nxd4 Rxd4 30. Qb3 Qc5 31. Kh1 Rc8 32. Be2 Qxc1 33. Rxc1 Rxc1+ 34. Nf1
Rb4 35. Qd3 Bg6 36. Qd7+ Bf7 37. Qxf5 Bc4 38. Qd7+ Kg6 39. Qe8+ Bf7 40. Qe3
Rbb1 41. Bd3+ Kg7 42. Qf2 Ra1 43. Kh2 Be5+ 44. g3 Ra2 45. Nd2 Rd1 0-1

[Event "SG Kaltern/Tramin-SK Ehrenburg"]
[Site "?"]
[Date "2013.12.14"]
[Round "5.2"]
[White "Paltrinieri, Nicholas"]
[Black "Flatscher, Tobias"]
[Result "1/2-1/2"]
[WhiteElo "2155"]
[BlackElo "1781"]
[PlyCount "116"]
[EventDate "2013.??.??"]

1. d4 c5 2. d5 d6 3. c4 e5 4. Nc3 Be7 5. e4 Bg5 6. Bd3 Bxc1 7. Qxc1 Nf6 8. Qg5
O-O 9. Nge2 Na6 10. a3 Nc7 11. b4 b6 12. O-O h6 13. Qe3 Nh7 14. Ng3 Qg5 15. Nb5
Qxe3 16. fxe3 Nxb5 17. cxb5 g6 18. bxc5 dxc5 19. a4 Kg7 20. a5 Bd7 21. Rf2 Nf6
22. axb6 axb6 23. Rfa2 Rxa2 24. Rxa2 Rb8 25. Ra7 Bc8 26. h4 Ne8 27. h5 Kf6 28.
hxg6 fxg6 29. Ne2 Nd6 30. Nc3 Bb7 31. Bc2 h5 32. Kf2 g5 33. Kg3 Kg6 34. Kh2 Rf8
35. Kg1 h4 36. Bd1 Rf7 37. Be2 Kf6 38. Bh5 Rg7 39. Be2 g4 40. Ra1 Kg5 41. Rf1
Bc8 42. Rf8 h3 43. gxh3 gxh3 44. Kh2 Bd7 45. Bf1 Rf7 46. Rxf7 Nxf7 47. Na4 Nd6
48. Nxb6 Bxb5 49. Bxb5 Nxb5 50. Nd7 c4 51. Nxe5 Nd6 52. Kxh3 Nxe4 53. Nxc4 Kf5
54. Kh4 Nc5 55. Nb6 Ke4 56. Kg5 Kxe3 57. Kf5 Kd4 58. d6 Nd7 1/2-1/2

[Event "SG Kaltern/Tramin-SK Ehrenburg"]
[Site "?"]
[Date "2013.12.14"]
[Round "5.3"]
[White "Mairhofer, Rene"]
[Black "Panjkovic, Aleksandar"]
[Result "0-1"]
[WhiteElo "1647"]
[BlackElo "2135"]
[PlyCount "64"]
[EventDate "2013.??.??"]

1. e4 c5 2. Nf3 g6 3. d4 cxd4 4. Nxd4 Nc6 5. Nc3 Bg7 6. Be3 Nf6 7. Bc4 O-O 8.
f3 Qb6 9. Qd2 Nxe4 10. Nxe4 Bxd4 11. Bxd4 Qxd4 12. Qxd4 Nxd4 13. O-O-O Nc6 14.
h4 d6 15. h5 Na5 16. Bd3 d5 17. Nc3 e6 18. hxg6 fxg6 19. Rh4 Rf7 20. Rdh1 Nc6
21. f4 a6 22. Na4 Rg7 23. Nb6 Rb8 24. a3 Nd8 25. Bxg6 Rxg6 26. Rxh7 Nf7 27. f5
Rxg2 28. f6 Rg6 29. Rxf7 Kxf7 30. Rh7+ Kxf6 31. Rc7 Rg8 32. Kd2 Ke5 0-1

[Event "SG Kaltern/Tramin-SK Ehrenburg"]
[Site "?"]
[Date "2013.12.14"]
[Round "5.4"]
[White "Waldner, Mirko"]
[Black "Mairhofer, Lino"]
[Result "1-0"]
[WhiteElo "1850"]
[BlackElo "1705"]
[PlyCount "57"]
[EventDate "2013.??.??"]

1. f4 d5 2. Nf3 c5 3. e3 g6 4. Be2 Bg7 5. O-O Nc6 6. d3 e6 7. Qe1 Nge7 8. e4
O-O 9. c3 d4 10. c4 b6 11. Na3 Bb7 12. Qh4 Nc8 13. Qh3 Nd6 14. g4 Qe7 15. Rf2
f5 16. e5 Nf7 17. gxf5 exf5 18. Bd2 g5 19. Qxf5 Nfxe5 20. Qxg5 Rf6 21. Rg2 Ng6
22. f5 Nce5 23. Rf1 h6 24. Qh5 Nh8 25. Bxh6 Rxh6 26. Qxh6 Bxf3 27. Bxf3 Nxf3+
28. Rxf3 Rf8 29. Rxg7+ 1-0

[Event "SG Kaltern/Tramin-SK Ehrenburg"]
[Site "?"]
[Date "2013.12.14"]
[Round "5.5"]
[White "Messner, Alex"]
[Black "Bertagnolli, Gerhard"]
[Result "0-1"]
[WhiteElo "1619"]
[BlackElo "1926"]
[PlyCount "80"]
[EventDate "2013.??.??"]

1. c4 Nf6 2. g3 g6 3. Bg2 Bg7 4. Nc3 O-O 5. e3 e5 6. Nge2 c6 7. O-O d6 8. d3
Qc7 9. Qc2 Bf5 10. e4 Be6 11. h3 Na6 12. a3 Rac8 13. Nd1 Qd7 14. Kh2 d5 15. Ne3
d4 16. Nd1 b5 17. c5 b4 18. axb4 Nxb4 19. Qd2 Rb8 20. Ra4 Qb7 21. f4 Nd7 22.
Ra5 Qc7 23. Ra4 a5 24. f5 gxf5 25. exf5 Bd5 26. Qg5 f6 27. Qg4 Nxc5 28. Ra1
Bxg2 29. Kxg2 Ncxd3 30. Bh6 Rf7 31. Nf2 Nxf2 32. Rxf2 Kh8 33. Bd2 Nd5 34. Qe4
Rxb2 35. Bxa5 Ne3+ 36. Kg1 Qb7 37. Rc1 Qa6 38. Qxc6 Qxa5 39. Qd6 Qa8 40. Qe6
Rf8 0-1

[Event "SG Kaltern/Tramin-SK Ehrenburg"]
[Site "?"]
[Date "2013.12.14"]
[Round "5.6"]
[White "Dallaglio, Giovanni"]
[Black "Mitterhofer, Martin"]
[Result "1/2-1/2"]
[WhiteElo "1792"]
[BlackElo "1528"]
[PlyCount "97"]
[EventDate "2013.??.??"]

1. d4 d5 2. Nf3 Nf6 3. c4 e6 4. Nc3 Be7 5. Bg5 b6 6. e3 Bb7 7. Bd3 a6 8. O-O
dxc4 9. Bxc4 Ne4 10. Bxe7 Qxe7 11. Qe2 Nxc3 12. bxc3 Nd7 13. e4 O-O 14. e5 c5
15. a4 cxd4 16. cxd4 Rfc8 17. Bd3 f6 18. Rfe1 Bxf3 19. Qxf3 fxe5 20. dxe5 Nc5
21. Red1 Nxd3 22. Rxd3 Rf8 23. Qe3 b5 24. axb5 axb5 25. Rad1 Rfd8 26. g3 Rxd3
27. Qxd3 Rb8 28. Qb3 Rb6 29. Rd4 Qc7 30. f4 Qc5 31. Qd3 b4 32. Kg2 Rb8 33. Rd8+
Rxd8 34. Qxd8+ Kf7 35. Qd7+ Qe7 36. Qb5 h6 37. h4 g5 38. fxg5 hxg5 39. h5 g4
40. Qd3 Qg5 41. Qd7+ Qe7 42. Qb5 Qc7 43. Qxb4 Qc2+ 44. Kg1 Qd1+ 45. Kg2 Qf3+
46. Kh2 Qf2+ 47. Kh1 Qf1+ 48. Kh2 Qf2+ 49. Kh1 1/2-1/2

[Event "SK Ehrenburg II-ASD Arci Scacchi II"]
[Site "?"]
[Date "2013.12.14"]
[Round "5.1"]
[White "Seresin, Francesco"]
[Black "Falkensteiner, Benjamin"]
[Result "1/2-1/2"]
[WhiteElo "1797"]
[BlackElo "1433"]
[PlyCount "85"]
[EventDate "2013.??.??"]

1. d4 Nf6 2. c4 g6 3. Nc3 d5 4. cxd5 Nxd5 5. e4 Nxc3 6. bxc3 Bg7 7. Bc4 O-O 8.
Ne2 c5 9. h4 h5 10. Be3 Qa5 11. Kf1 Rd8 12. Qb3 e6 13. Rc1 a6 14. dxc5 Nc6 15.
f4 Qc7 16. Qc2 Bf8 17. Bb3 Na5 18. Rd1 Bd7 19. g4 Bxc5 20. Nd4 e5 21. fxe5 Bxg4
22. Rd2 Qxe5 23. Rf2 Nxb3 24. Qxb3 Rd7 25. Qc2 Rc8 26. Qd3 Qg3 27. Qd2 Bh3+ 28.
Ke2 Bg4+ 29. Kd3 Rcd8 30. Kc2 Bxd4 31. Bxd4 Qc7 32. Kb1 Qc6 33. Qf4 Kh7 34.
Rhf1 Be6 35. Qf6 Qxe4+ 36. Ka1 Rxd4 37. cxd4 Qxd4+ 38. Qxd4 Rxd4 39. Rf4 Rd2
40. R1f2 Rd1+ 41. Kb2 Kg7 42. a3 b5 43. Rc2 1/2-1/2

[Event "SK Ehrenburg II-ASD Arci Scacchi II"]
[Site "?"]
[Date "2013.12.14"]
[Round "5.2"]
[White "Messner, Hannes"]
[Black "Zanatta, Daniel"]
[Result "1/2-1/2"]
[WhiteElo "1450"]
[BlackElo "1462"]
[PlyCount "75"]
[EventDate "2013.??.??"]

1. d4 Nf6 2. c4 e6 3. a3 d5 4. Nc3 Be7 5. Bg5 c6 6. e3 Nbd7 7. Nf3 O-O 8. cxd5
exd5 9. Bd3 Re8 10. O-O Ne4 11. Bxe7 Qxe7 12. Qc2 h6 13. Bxe4 dxe4 14. Nd2 Nf6
15. Ne2 Bf5 16. Ng3 Bh7 17. Rac1 Nd5 18. Qd1 f5 19. Qh5 f4 20. Ne2 fxe3 21.
fxe3 Nxe3 22. Rf4 Nd5 23. Rff1 Rf8 24. Nc4 Rxf1+ 25. Rxf1 Rf8 26. Rxf8+ Qxf8
27. Qe5 Kh8 28. Ng3 Qf4 29. Qxf4 Nxf4 30. Kf2 e3+ 31. Kxe3 Nxg2+ 32. Kf2 Nf4
33. b4 Bd3 34. Na5 Ba6 35. Ne4 Ne6 36. Ke3 g5 37. Nd6 g4 38. Ndxb7 1/2-1/2

[Event "SK Ehrenburg II-ASD Arci Scacchi II"]
[Site "?"]
[Date "2013.12.14"]
[Round "5.3"]
[White "Gasparro, Antonio"]
[Black "Zambelli, Walter"]
[Result "1/2-1/2"]
[WhiteElo "1525"]
[BlackElo "1381"]
[PlyCount "59"]
[EventDate "2013.??.??"]

1. d4 c6 2. Nf3 d5 3. e3 Bf5 4. c4 e6 5. cxd5 cxd5 6. Qb3 Qc7 7. Nc3 a6 8. Bd2
Nc6 9. Be2 Nf6 10. Nh4 Ne4 11. Nxe4 Bxe4 12. f3 Bg6 13. Nxg6 hxg6 14. g3 Rxh2
15. Rxh2 Qxg3+ 16. Rf2 Qg1+ 17. Bf1 Be7 18. Ke2 b5 19. Rc1 Rc8 20. Bg2 Nxd4+
21. exd4 Rxc1 22. Bxc1 Qxc1 23. Qc3 Qf4 24. Kf1 Bf6 25. Rc2 Bxd4 26. Qc8+ Ke7
27. Rc7+ Kf6 28. Rc2 Qh2 29. Ke1 Qg1+ 30. Bf1 1/2-1/2

[Event "SK Ehrenburg II-ASD Arci Scacchi II"]
[Site "?"]
[Date "2013.12.14"]
[Round "5.4"]
[White "Ploner, Heinz"]
[Black "Romaniello, Domenico"]
[Result "1-0"]
[WhiteElo "1453"]
[BlackElo "1447"]
[PlyCount "113"]
[EventDate "2013.??.??"]

1. d4 d6 2. Nf3 Nd7 3. Bf4 e6 4. e3 Ne7 5. Bd3 g6 6. Nbd2 Bg7 7. O-O O-O 8. c4
b6 9. Rc1 Bb7 10. Re1 h6 11. h3 Kh7 12. e4 Rc8 13. b4 Ng8 14. e5 d5 15. c5 c6
16. Nh2 b5 17. Ndf3 Rc7 18. h4 Ne7 19. h5 Qe8 20. Nh4 Nf5 21. hxg6+ fxg6 22.
Nxf5 gxf5 23. Re3 Rh8 24. Rg3 Kg8 25. Nf3 Qe7 26. Qd2 Kf7 27. Rh3 Qf8 28. Nh4
Rh7 29. Be2 h5 30. Qd1 Qh8 31. Rcc3 Nf8 32. Rcg3 Bc8 33. Be3 Bd7 34. Rg5 Ke7
35. Rxh5 Rxh5 36. Bxh5 Kd8 37. Ng6 Nxg6 38. Bxg6 Qf8 39. Rh7 f4 40. Bxf4 Be8
41. Bg5+ Kc8 42. Bxe8 Qxe8 43. f4 Qg6 44. Rh3 Qe4 45. Qd2 Rf7 46. Re3 Qb1+ 47.
Re1 Qg6 48. g3 Bf8 49. Qe2 Rh7 50. Kg2 Kd7 51. Rh1 Rxh1 52. Kxh1 Qb1+ 53. Kg2
Qxb4 54. Qf2 a5 55. f5 Bxc5 56. fxe6+ Kxe6 57. Qf6+ 1-0

[Event "SK Ehrenburg II-ASD Arci Scacchi II"]
[Site "?"]
[Date "2013.12.14"]
[Round "5.5"]
[White "Cozzi, Roberto"]
[Black "Harrasser, Jakob"]
[Result "1-0"]
[WhiteElo "1558"]
[BlackElo "1448"]
[PlyCount "157"]
[EventDate "2013.??.??"]

1. d4 d5 2. c4 c6 3. Nc3 Nf6 4. Bf4 Bf5 5. Qb3 Qb6 6. Qxb6 axb6 7. cxd5 cxd5 8.
e3 e6 9. Nf3 Bb4 10. Bb5+ Nc6 11. O-O O-O 12. Rfc1 Bxc3 13. Rxc3 Rfc8 14. a3
Ne4 15. Rcc1 f6 16. Nh4 g5 17. Nxf5 exf5 18. Bg3 h5 19. f3 Nxg3 20. hxg3 Kg7
21. Rc3 Ne7 22. Rac1 Rxc3 23. Rxc3 Rc8 24. Rxc8 Nxc8 25. Be8 Kh6 26. Bf7 Ne7
27. Kf2 h4 28. gxh4 gxh4 29. f4 Kg7 30. Be6 Kf8 31. Kg1 Kg7 32. Kh2 Kh6 33. Kh3
Kh5 34. Bf7+ Kh6 35. Kxh4 Kg7 36. Be6 Kh6 37. Kg3 Kh5 38. Bf7+ Kh6 39. Kf3 Kg7
40. Be6 Kh6 41. b4 Kh5 42. g3 Kg6 43. g4 fxg4+ 44. Bxg4 f5 45. Bh3 Kf6 46. Bf1
Nc8 47. Kg3 Nd6 48. Bg2 Ke6 49. Kf2 Nc4 50. a4 Nb2 51. Bf1 Nxa4 52. Bb5 Nc3 53.
Bd3 Nd1+ 54. Ke2 Nc3+ 55. Kd2 Na2 56. b5 Kf6 57. Bb1 Nb4 58. Kc3 Nc6 59. bxc6
bxc6 60. Kb4 Ke6 61. Bd3 Kf6 62. Ba6 Ke6 63. Bc8+ Kd6 64. Bxf5 c5+ 65. dxc5+
bxc5+ 66. Kc3 Ke7 67. Bc8 Kf6 68. Kd3 Ke7 69. f5 Kf6 70. Be6 Ke5 71. Kc3 d4+
72. exd4+ cxd4+ 73. Kd3 Kd6 74. Kxd4 Ke7 75. Ke5 Ke8 76. Kd6 Kd8 77. Bf7 Kc8
78. Ke7 Kc7 79. f6 1-0

[Event "SK Gries-SK Deutschnofen"]
[Site "?"]
[Date "2013.12.14"]
[Round "5.1"]
[White "Micheli, Carlo"]
[Black "Spornberger, Maximilian"]
[Result "0-1"]
[WhiteElo "2268"]
[BlackElo "2257"]
[PlyCount "94"]
[EventDate "2013.??.??"]

1. c4 g6 2. g3 Bg7 3. Bg2 d6 4. Nc3 e5 5. d3 Nc6 6. Bd2 f5 7. Qc1 h6 8. h4 Nf6
9. Nh3 Be6 10. Nd5 Bf7 11. b4 Nxd5 12. cxd5 Ne7 13. e4 Qd7 14. O-O Rc8 15. Be3
c6 16. dxc6 Rxc6 17. Qd2 d5 18. b5 Rc8 19. exd5 Bxd5 20. Rac1 Bxg2 21. Kxg2 f4
22. Rxc8+ Nxc8 23. gxf4 Qg4+ 24. Kh2 Qxh4 25. fxe5 g5 26. Rg1 g4 27. Rg3 O-O
28. Qb4 Bxe5 29. f4 Bg7 30. f5 Be5 31. Bf4 Bxf4 32. Qxf4 h5 33. Re3 Ne7 34.
Qc4+ Rf7 35. Kg2 Nxf5 36. Re8+ Kg7 37. Nf4 Qg3+ 38. Kh1 Qf3+ 39. Kg1 Qd1+ 40.
Kg2 Nh4+ 41. Kg3 Nf5+ 42. Kg2 Ne3+ 43. Rxe3 Qd2+ 44. Re2 Qxf4 45. Qxf4 Rxf4 46.
Kg3 Rf3+ 47. Kh4 Kg6 0-1

[Event "SK Gries-SK Deutschnofen"]
[Site "?"]
[Date "2013.12.14"]
[Round "5.2"]
[White "Spornberger, Andre"]
[Black "Gibitz, Othmar"]
[Result "1-0"]
[WhiteElo "2121"]
[BlackElo "1655"]
[PlyCount "51"]
[EventDate "2013.??.??"]

1. e4 e5 2. Nf3 Nc6 3. d4 exd4 4. Bc4 Be7 5. c3 d6 6. cxd4 Nf6 7. Nc3 Bg4 8.
Be3 O-O 9. Bb3 Qd7 10. O-O h6 11. h3 Bh5 12. Qe2 Rfe8 13. Rad1 Nh7 14. g4 Bg6
15. Ba4 Nf6 16. d5 Nxg4 17. dxc6 bxc6 18. hxg4 Qxg4+ 19. Kh2 Bxe4 20. Nxe4 Qxe4
21. Rd4 Qg6 22. Bxc6 d5 23. Bxe8 Rxe8 24. Bf4 Qh5+ 25. Kg2 Qg4+ 26. Bg3 1-0

[Event "SK Gries-SK Deutschnofen"]
[Site "?"]
[Date "2013.12.14"]
[Round "5.4"]
[White "Paulmichl, Martin"]
[Black "Hofer, Alois"]
[Result "0-1"]
[WhiteElo "1933"]
[BlackElo "1734"]
[PlyCount "79"]
[EventDate "2013.??.??"]

1. d4 d5 2. Bg5 Nd7 3. e3 Ngf6 4. Nd2 c6 5. Ngf3 e6 6. Bd3 Be7 7. c3 b6 8. Qe2
a5 9. a4 Bb7 10. O-O O-O 11. Ne5 Nxe5 12. dxe5 Nd7 13. Bxe7 Qxe7 14. Rfe1 Nxe5
15. Bxh7+ Kxh7 16. Qh5+ Kg8 17. Qxe5 c5 18. e4 Rad8 19. Qh5 dxe4 20. Nxe4 Rd5
21. Qh3 g6 22. f3 Kg7 23. Qg3 Rfd8 24. h3 f6 25. Kh2 e5 26. f4 f5 27. Nf2 e4
28. Rad1 Rxd1 29. Rxd1 Ba6 30. c4 Rd4 31. b3 Qd8 32. Re1 Bb7 33. Re2 Kf7 34.
Qe3 Qh4 35. g3 Qf6 36. h4 Rd8 37. Kg2 Qd4 38. Kf1 Bc8 39. Re1 Be6 40. Rc1 0-1

[Event "SK Gries-SK Deutschnofen"]
[Site "?"]
[Date "2013.12.14"]
[Round "5.5"]
[White "Welsch, Ulrich"]
[Black "Zammarchi, Massimo"]
[Result "1-0"]
[WhiteElo "1531"]
[BlackElo "1922"]
[PlyCount "53"]
[EventDate "2013.??.??"]

1. d4 f5 2. e4 fxe4 3. c4 Nf6 4. Bg5 e6 5. f3 Bb4+ 6. Nc3 exf3 7. Nxf3 O-O 8.
Bd3 c5 9. O-O cxd4 10. Ne4 Nc6 11. c5 b6 12. Qc2 Qe7 13. a3 Bxc5 14. b4 Bxb4
15. axb4 Nxb4 16. Qd2 Nxd3 17. Qxd3 e5 18. Rfe1 Bb7 19. Nxe5 Rfe8 20. Nxf6+
gxf6 21. Bh4 Qg7 22. Qb3+ d5 23. Nf3 Rxe1+ 24. Rxe1 Rc8 25. Qa4 d3 26. Qb4 d2
27. Nxd2 1-0

[Event "SK Gries-SK Deutschnofen"]
[Site "?"]
[Date "2013.12.14"]
[Round "5.6"]
[White "Gawlik, Felix"]
[Black "Ebner, Fabian"]
[Result "1/2-1/2"]
[WhiteElo "1201"]
[BlackElo "1407"]
[PlyCount "92"]
[EventDate "2013.??.??"]

1. Nf3 Nf6 2. d4 d5 3. e3 g6 4. c4 Bg7 5. cxd5 Nxd5 6. e4 Nb6 7. Nc3 O-O 8. Be2
Nc6 9. e5 Bf5 10. a3 a5 11. O-O Qc8 12. Bf4 f6 13. e6 Bxe6 14. Qc1 Bb3 15. Nb5
Nd5 16. Bc4 Bxc4 17. Qxc4 e6 18. Bd2 Nce7 19. Rac1 c6 20. Nd6 Qd7 21. Ne4 a4
22. g3 Nb6 23. Nc5 Nxc4 24. Nxd7 Nxd2 25. Nxd2 Rfd8 26. Nc5 Rxd4 27. Nc4 Kf7
28. Nxb7 Rb8 29. Nc5 Ra8 30. f4 f5 31. Rfe1 h6 32. Rxe6 Rd5 33. Nd6+ Kg8 34.
Ncb7 Kf8 35. Rce1 Bxb2 36. Rxe7 Bxa3 37. Rf7+ Kg8 38. Rd7 Bxd6 39. Nxd6 a3 40.
Ree7 a2 41. Rg7+ Kh8 42. Rh7+ Kg8 43. Rdg7+ Kf8 44. Rf7+ Kg8 45. Rhg7+ Kh8 46.
Rh7+ Kg8 1/2-1/2

[Event "Sk Taufers-SC Naturns Jambo"]
[Site "?"]
[Date "2013.12.14"]
[Round "5.6"]
[White "Innerbichler, Robert"]
[Black "Naegele, Norbert"]
[Result "0-1"]
[WhiteElo "1424"]
[BlackElo "1878"]
[PlyCount "63"]
[EventDate "2013.??.??"]

1. e4 c5 2. Bc4 e6 3. Nc3 a6 4. a3 Qc7 5. Nf3 Nc6 6. O-O Nf6 7. d3 Be7 8. h3 b5
9. Ba2 Bb7 10. Ne2 O-O 11. Be3 d5 12. exd5 Nxd5 13. d4 Nxe3 14. fxe3 cxd4 15.
exd4 Rfd8 16. c3 Bf6 17. Qc2 Rac8 18. b4 Nxd4 19. Nfxd4 Bxd4+ 20. Nxd4 Rxd4 21.
Bb1 Rh4 22. Qf2 Rc4 23. Ra2 Rxc3 24. Qh4 g6 25. Raf2 f5 26. Re2 Bd5 27. Qg5 Bc4
28. Bxf5 exf5 29. Re7 Qb6+ 30. Rf2 Rc2 31. Re3 Rxf2 32. Kxf2 0-1

[Event "ASD Arci Scacchi II-SC SSV Bruneck"]
[Site "?"]
[Date "2014.01.11"]
[Round "6.1"]
[White "Glueck, Alexander"]
[Black "Seresin, Francesco"]
[Result "1-0"]
[WhiteElo "1968"]
[BlackElo "1797"]
[PlyCount "37"]
[EventDate "2014.??.??"]

1. d4 d6 2. Nf3 f5 3. Nc3 g6 4. e4 fxe4 5. Nxe4 Bg7 6. Bd3 Nf6 7. Nxf6+ Bxf6 8.
Ng5 Kf8 9. c3 e5 10. h4 Kg7 11. dxe5 Bxe5 12. Be3 Nc6 13. Qb3 Qe7 14. O-O-O a5
15. h5 h6 16. hxg6 Rf8 17. Nf7 a4 18. Bxh6+ Kg8 19. Qc2 1-0

[Event "Brixen/Milland-SK Gries"]
[Site "?"]
[Date "2014.01.11"]
[Round "6.1"]
[White "Spornberger, Maximilian"]
[Black "Sader, Michael"]
[Result "1/2-1/2"]
[WhiteElo "2257"]
[BlackElo "2179"]
[PlyCount "92"]
[EventDate "2014.??.??"]

1. e4 c5 2. c3 g6 3. Nf3 Bg7 4. d3 d6 5. g3 Nf6 6. Bg2 O-O 7. O-O Nc6 8. Re1 e5
9. a3 h6 10. b4 b6 11. Nbd2 a5 12. b5 Ne7 13. Rb1 Be6 14. d4 Qc7 15. Qe2 Rac8
16. dxe5 dxe5 17. Nc4 Bxc4 18. Qxc4 Ne8 19. Qe2 Nd6 20. h4 Rcd8 21. a4 Nec8 22.
h5 g5 23. Nh2 Ne8 24. Ng4 Nf6 25. Bh3 Nxg4 26. Bxg4 Nd6 27. Rb2 Ne8 28. Be3 Nf6
29. Bf5 Rd6 30. f4 Nh7 31. Bxh7+ Kxh7 32. fxg5 Qe7 33. Kh2 hxg5 34. Bxg5 Bh6
35. Bxh6 Rxh6 36. g4 Rg8 37. Rg1 Rf6 38. Rd2 Qe6 39. Rd3 Rf4 40. Rdg3 Qf6 41.
Kh3 Rf2 42. Qe3 Rd8 43. g5 Qe6+ 44. Rg4 Rdd2 45. g6+ fxg6 46. hxg6+ Kg7 1/2-1/2

[Event "Brixen/Milland-SK Gries"]
[Site "?"]
[Date "2014.01.11"]
[Round "6.2"]
[White "Brenninger, Daniel"]
[Black "Spornberger, Andre"]
[Result "0-1"]
[WhiteElo "2072"]
[BlackElo "2121"]
[PlyCount "68"]
[EventDate "2014.??.??"]

1. e4 e6 2. d4 d5 3. Nd2 Nf6 4. e5 Nfd7 5. c3 c5 6. Bd3 Nc6 7. Ne2 cxd4 8. cxd4
f6 9. exf6 Nxf6 10. Nf3 Bd6 11. O-O O-O 12. Bf4 Nh5 13. Bxd6 Qxd6 14. Qd2 Bd7
15. Qc2 h6 16. Rfe1 Rxf3 17. gxf3 Rf8 18. Bb5 Nb4 19. Qa4 Bxb5 20. Qxb5 Nc2 21.
Qxb7 Nf4 22. Rac1 Nxe2+ 23. Rxe2 Nxd4 24. Re3 Nxf3+ 25. Rxf3 Rxf3 26. Qxa7 Qe5
27. Qc7 Qxb2 28. Qc8+ Kh7 29. Rc2 Qf6 30. Re2 e5 31. Qc5 Rd3 32. Qc2 e4 33. Re3
Rxe3 34. fxe3 Qg5+ 0-1

[Event "Brixen/Milland-SK Gries"]
[Site "?"]
[Date "2014.01.11"]
[Round "6.3"]
[White "Fongarolli, Diego"]
[Black "Kofler, Thomas"]
[Result "1-0"]
[WhiteElo "1950"]
[BlackElo "1940"]
[PlyCount "73"]
[EventDate "2014.??.??"]

1. e4 c5 2. Nf3 d6 3. d4 cxd4 4. Nxd4 g6 5. Nc3 Bg7 6. Be3 Nc6 7. Bc4 Nf6 8.
Qd2 O-O 9. f3 a6 10. g4 Qc7 11. Bb3 Na5 12. h4 Nxb3 13. axb3 h5 14. gxh5 Nxh5
15. Nd5 Qd8 16. Bg5 Re8 17. Nb5 f6 18. Be3 Rb8 19. Ba7 Bd7 20. Bb6 Qc8 21. Nbc7
Bc6 22. Nxe8 Qxe8 23. O-O-O Kh7 24. Kb1 Qf7 25. Rdg1 Rg8 26. Be3 f5 27. Rg5
fxe4 28. fxe4 Nf6 29. Qf2 Qe6 30. h5 Rh8 31. hxg6+ Kg8 32. Rxh8+ Bxh8 33. g7
Bxg7 34. Qg2 Qf7 35. Bd4 Bxd5 36. exd5 Kf8 37. Qh3 1-0